| 000 | 01948nam a2200265Ia 4500 | ||
|---|---|---|---|
| 008 | 260220t1980||||xx |||||||||||||| ||spa|| | ||
| 040 |
_aPY-SlUNAC _bspa _erda |
||
| 041 | _aspa | ||
| 082 |
_a511.7 _bD395m |
||
| 100 |
_aDemidowitsch, B. P. _eAutor |
||
| 245 | 0 |
_aMétodos numéricos de análisis / _cpor B. P. Demidowitsch [Autor]; I. A. Maron [Autor] y E. S. Schuwalowa [Autor] |
|
| 264 |
_aMadrid : _bParaninfo, _c℗1980. |
||
| 300 | _a1 volumen | ||
| 520 | _aEl libro "Métodos numéricos de análisis" de B. P. Demidowitsch es una obra fundamental en el campo del análisis numérico, que aborda diversas técnicas y algoritmos utilizados para resolver problemas matemáticos complejos. A lo largo de sus capítulos, el autor presenta una amplia gama de métodos, desde los más sencillos hasta los más avanzados, incluyendo interpolación, integración, derivación y la resolución de ecuaciones diferenciales. Con un enfoque práctico, el texto proporciona ejemplos ilustrativos y ejercicios que permiten al lector aplicar los conceptos teóricos en situaciones reales. Además, Demidowitsch discute la precisión y eficiencia de cada método, así como sus posibles limitaciones y errores asociados. La obra está dirigida a estudiantes y profesionales de matemáticas, ingeniería y ciencias aplicadas, ofreciendo una base sólida para la comprensión y el uso de herramientas numéricas en la resolución de problemas. En resumen, este libro es una referencia esencial que contribuye al desarrollo de habilidades analíticas y de programación en el ámbito del análisis numérico. | ||
| 653 | _aAnálisis matemático | ||
| 653 | _aMatemáticas | ||
| 653 | _aMétodos numéricos | ||
| 700 |
_aMaron, I. A. _eAutor |
||
| 700 |
_aSchuwalowa, E. S. _eAutor |
||
| 942 |
_b2026/02/17 _cBK |
||
| 999 |
_c7423 _d7423 |
||